[Event "MEX-ch 26 (Women)"]
[Site "Merida"]
[Date "2019.05.15"]
[Round "4"]
[White "Morales Cabral, Adriana St"]
[Black "Mendez Tovar, Rosario Trinidad"]
[Result "1/2-1/2"]
[WhiteElo "1496"]
[BlackElo "1719"]
[PlyCount "84"]
[EventDate "2019.05.12"]
[EventType "swiss"]
[EventRounds "6"]
[EventCountry "MEX"]
[SourceTitle "EXT 2020"]
[Source "ChessBase"]
[SourceDate "2019.10.17"]
[SourceVersion "1"]
[SourceVersionDate "2019.10.17"]
[SourceQuality "1"]

1. e4 c5 2. Nf3 d6 3. d4 cxd4 4. Nxd4 Nf6 5. Nc3 g6 6. Be3 Bg7 7. f3 Nc6 8. Bc4 0-0 9. Qd2 Bd7 10. 0-0-0 Rc8 11. Bb3 Ne5 12. g4 Nc4 13. Bxc4 Rxc4 14. h4 h5 15. gxh5 Nxh5 16. Qe2 Rxc3 17. bxc3 Qa5 18. Qc4 Rc8 19. Qb4 Qxa2 20. Kd2 Bxd4 21. Bxd4 Ba4 22. Rc1 b6 23. Rhg1 Nf4 24. Be3 Ne6 25. h5 Nc5 26. Bxc5 dxc5 27. Qb1 Qc4 28. Qb2 Rd8+ 29. Ke3 Bb5 30. Rce1 Kg7 31. Rg2 Rd6 32. hxg6 Rxg6 33. Rxg6+ Kxg6 34. Qb3 e5 35. Qxc4 Bxc4 36. Rb1 Kf6 37. Ra1 a5 38. Rb1 b5 39. f4 exf4+ 40. Kxf4 a4 41. e5+ Ke6 42. Ke4 Bd5+ 1/2-1/2

[Event "MEX-ch 26 (Women)"]
[Site "Merida"]
[Date "2019.05.12"]
[Round "1"]
[White "Morales Cabral, Adriana St"]
[Black "Torres Rosas, Rita Rosalia"]
[Result "0-1"]
[WhiteElo "1496"]
[BlackElo "1884"]
[PlyCount "110"]
[EventDate "2019.05.12"]
[EventType "swiss"]
[EventRounds "6"]
[EventCountry "MEX"]
[SourceTitle "EXT 2020"]
[Source "ChessBase"]
[SourceDate "2019.10.17"]
[SourceVersion "1"]
[SourceVersionDate "2019.10.17"]
[SourceQuality "1"]

1. e4 c5 2. Nf3 e6 3. d4 cxd4 4. Nxd4 a6 5. Nc3 b5 6. Bd3 Qb6 7. Nb3 Qc7 8. 0-0 Nf6 9. Re1 d6 10. f3 Nbd7 11. Bg5 Be7 12. Qe2 0-0 13. f4 e5 14. f5 Bb7 15. Rad1 Rfe8 16. Qd2 Ng4 17. Be3 Nxe3 18. Qxe3 Nf6 19. h3 d5 20. exd5 Nxd5 21. Nxd5 Bxd5 22. Be4 Bxe4 23. Qxe4 Bf6 24. Rd5 h6 25. Red1 Rad8 26. Rxd8 Rxd8 27. Rxd8+ Qxd8 28. Qd3 Qb6+ 29. Kf1 Qc7 30. c3 Bg5 31. Ke2 Qc6 32. Qf3 e4 33. Qf2 Qc4+ 34. Ke1 Qd3 35. Qe2 Bh4+ 36. g3 Qxg3+ 37. Kd2 Bg5+ 38. Kc2 e3 39. Nd4 Qxh3 40. Kd3 Qh1 41. Nf3 Qb1+ 42. Qc2 Qf1+ 43. Qe2 Qb1+ 44. Qc2 Qxa2 45. Nxg5 hxg5 46. Kxe3 Qc4 47. Qe4 Qxe4+ 48. Kxe4 Kf8 49. Kf3 Ke7 50. Kg4 f6 51. b4 Kd6 52. Kh5 Ke5 53. Kg4 Ke4 54. Kh5 Kxf5 55. c4 g6+ 0-1